Didaktika aplikovanej informatiky

Guardado en:
Detalles Bibliográficos
Autor principal: Pasiar, Ladislav, 1984-
Autor Corporativo: Ekonomická univerzita v Bratislave. Národohospodárska fakulta
Otros Autores: Novák, Jaromír, 1978-, Žido, Lukáš, 1985-
Formato: Libro
Lenguaje:eslovaco
Publicado: Bratislava Vydavateľstvo EKONÓM 2019
Edición:1. vydanie
Materias:
Etiquetas: Agregar Etiqueta
Sin Etiquetas, Sea el primero en etiquetar este registro!

MARC

LEADER 00000nam a2200000 4500
001 0258953
005 20240502074109.9
020 |a 978-80-225-4638-6 
041 0 |a slo 
044 |a SK 
245 1 0 |a Didaktika aplikovanej informatiky  |c Ladislav Pasiar ; recenzenti: Jaromír Novák, Lukáš Žido 
250 |a 1. vydanie 
264 1 |a Bratislava  |b Vydavateľstvo EKONÓM  |c 2019 
300 |a 127 s. [7,58 AH] 
610 2 0 |a informatika 
610 2 0 |a didaktika 
610 2 0 |a technológie komunikačné 
610 2 0 |a vyučovanie 
610 2 0 |a vzdelávanie 
610 2 0 |a metódy 
610 2 0 |a testy 
610 2 0 |a štúdie prípadové 
100 1 |a Pasiar, Ladislav, 1984- 
700 1 |a Novák, Jaromír, 1978- 
700 1 |a Žido, Lukáš, 1985- 
710 2 |a Ekonomická univerzita v Bratislave. Národohospodárska fakulta